Statistics for Best Selling Games Of All Time

Click here to take the quiz!

General Stats

  • This quiz has been taken 10 times
  • The average score is 4 of 15

Answer Stats

HintAnswer% Correct
2ndGTA V
90%
1stMinecraft
70%
5thSuper Mario Bros
50%
3rdTetris
40%
10thTetris
40%
7thRed Dead Redemption 2
30%
14thPokemon Red
20%
12thWitcher 3
20%
11thAnimal Crossing
10%
6thMario Kart 8
10%
13thMario Kart Wii
10%
15thPokemon Pearl
10%
8thTerraria
10%
9thWii Fit
10%
4thWii Sports
10%

Score Distribution

Percentile by Number Answered

Percent of People with Each Score

Your Score History

You have not taken this quiz